Central Library OPAC University of Rajshahi

Les villages Palestiniens detruits : (Record no. 34395)

MARC details
000 -LEADER
fixed length control field 01233nam a2200301 a 4500
001 - CONTROL NUMBER
control field 34395
003 - CONTROL NUMBER IDENTIFIER
rucl marc code BD-RjUL
005 - DATE AND TIME OF LATEST TRANSACTION
control field 20211209052143.0
008 - FIXED-LENGTH DATA ELEMENTS--GENERAL INFORMATION
fixed length control field 140517s1993 mr ab 000 0 fre
035 ## - SYSTEM CONTROL NUMBER
System control number (BD-RjUL)34489
040 ## - CATALOGING SOURCE
Original cataloging agency DLC
Transcribing agency DLC
Modifying agency DLC
-- BD-RjUL
Language of cataloging eng
041 1# - LANGUAGE CODE
Language code of text/sound track or separate title fre
Language code of original ara
082 04 - DEWEY DECIMAL CLASSIFICATION NUMBER
Classification number 307.762095694
Author mark and year KAL 1993
Edition number 23
100 1# - MAIN ENTRY--PERSONAL NAME
Personal name Kanāʻnah, Sharīf.
9 (RLIN) 104609
245 14 - TITLE STATEMENT
Title Les villages Palestiniens detruits :
Remainder of title ''ain hawd et al-majdal asqalan'' /
Statement of responsibility, etc. Sharīf Kanāʻnah; ISESCO (Organization).
260 ## - PUBLICATION, DISTRIBUTION, ETC. (IMPRINT)
Place of publication, distribution, etc. Tripoli :
Name of publisher, distributor, etc. Publications de l'organisation islamique pour l'education, les sciences et la culture, ISESCO,
Date of publication, distribution, etc. 1993.
300 ## - PHYSICAL DESCRIPTION
Pagination 329 :
Illustrations ill., maps ;
Size 25 cm.
504 ## - BIBLIOGRAPHY, ETC. NOTE
Bibliography, etc Includes bibliographical references.
505 1# - FORMATTED CONTENTS NOTE
Formatted contents note no 5. 'Annaba / Charîf Kanâ'na, Mohammad Achtîh -- no 6. Al Lujûn / Charîf Kanâ'na, 'Umar Mahâmîd.
650 #0 - SUBJECT ADDED ENTRY--TOPICAL TERM
Topical term or geographic name as entry element Arab-Israeli relations.
9 (RLIN) 104610
Topical term or geographic name as entry element Land tenure
Geographic subdivision Palestine.
9 (RLIN) 12821
Topical term or geographic name as entry element Land tenure
Geographic subdivision Israel.
9 (RLIN) 104611
Topical term or geographic name as entry element Villages
Geographic subdivision Palestine
General subdivision History.
9 (RLIN) 104612
Topical term or geographic name as entry element Israel-Arab War, 1948-1949
General subdivision Destruction and pillage.
9 (RLIN) 104613
651 #0 - SUBJECT ADDED ENTRY--GEOGRAPHIC NAME
Geographic name Palestine
General subdivision Genealogy.
9 (RLIN) 104614
710 2# - ADDED ENTRY--CORPORATE NAME
Corporate name or jurisdiction name as entry element ISESCO (Organization)
9 (RLIN) 99867
942 ## - ADDED ENTRY ELEMENTS (KOHA)
Source of classification or shelving scheme Dewey Decimal Classification
Koha item type Books
Holdings
Lost status Source of classification or shelving scheme Damaged status Not for loan Collection code Permanent Location Current Location Shelving location Date acquired Total Checkouts Full call number Date last seen Copy number Koha item type Source of acquisition
  Dewey Decimal Classification     Non-fiction Central Library, University of Rajshahi Central Library, University of Rajshahi   02/09/1996   307.762095694 KAL 1993 17/05/2014 C-2 Books  
  Dewey Decimal Classification   Not For Loan Non-fiction Central Library, University of Rajshahi Central Library, University of Rajshahi Reading Room 02/09/1996   307.762095694 KAL 1993 25/01/2017 C-1 Books Asia Foundation